000 00409nam a2200181Ia 4500
001 19485
005 20260306172656.0
008 260306t2018||||xx |||||||||||||| ||spa||
041 _aESP
082 _a340
_bS92C
100 _aPozo Sánchez, Julio
_eAUT
245 0 _aSumma civil
260 _c2018
300 _a1467 páginas :
_c25 cm.
650 _aGEN
654 _aCDE
942 _cLIB
_dJUS
_fJUS
_2ddc
_n
999 _c19485
_d19485